Dictionary of Advertising (Record no. 85715)

MARC details
000 -LEADER
fixed length control field 00542nam a2200205Ia 4500
008 - FIXED-LENGTH DATA ELEMENTS--GENERAL INFORMATION
fixed length control field 230125s9999 xx 000 0 und d
020 ## - INTERNATIONAL STANDARD BOOK NUMBER
International Standard Book Number 81-7493-235-6
041 ## - LANGUAGE CODE
Language code of text/sound track or separate title eng
082 ## - DEWEY DECIMAL CLASSIFICATION NUMBER
Classification number 659.003
Item number RAJ
100 ## - MAIN ENTRY--PERSONAL NAME
Personal name Raj G, Ed.
9 (RLIN) 109006
245 ## - TITLE STATEMENT
Title Dictionary of Advertising
250 ## - EDITION STATEMENT
Edition statement 1st Ed.
260 ## - PUBLICATION, DISTRIBUTION, ETC. (IMPRINT)
Date of publication, distribution, etc. 1998
Name of publisher, distributor, etc. Himalaya Publishing House
Place of publication, distribution, etc. Mumbai
300 ## - PHYSICAL DESCRIPTION
Extent 282p
500 ## - GENERAL NOTE
Keywords Dictionary;Dictionary of advertising
650 ## - SUBJECT ADDED ENTRY--TOPICAL TERM
Topical term or geographic name as entry element Advertising
700 ## - ADDED ENTRY--PERSONAL NAME
Personal name Raj G, Ed.
9 (RLIN) 109006
906 ## - LOCAL DATA ELEMENT F, LDF (RLIN)
b 65
Holdings
Withdrawn status Lost status Damaged status Not for loan Home library Current library Date acquired Vendor Cost, normal purchase price Bill number Full call number Barcode Date last seen Cost, replacement price Bill Date Koha item type Original Barcode
      Reference Smt. Hiraben Nanavati Institute of Management & Research for Women Smt. Hiraben Nanavati Institute of Management & Research for Women 12/06/1998 System sales 325.00 7069/12.06.98 659.003 RAJ B00984 HIMR-BK-984 25/01/2023 260.00 12/06/1998 Books B00984